Joueur de tennis Français avec au moins un titre en simple - Statistiques

Statistiques générales
  • Ce quiz a été pris 132 fois
  • Le résultat moyen est 16 sur 34
Statistiques - réponses
Nb Nom % Correct
12 Monfils
98%
23 Noah
96%
18 Tsonga
95%
16 Gasquet
94%
14 Simon
87%
5 Humbert
83%
1 Fils
82%
5 Mannarino
69%
11 Forget
68%
3 Paire
66%
4 Clément
64%
9 Leconte
64%
5 Pioline
61%
5 Pouille
61%
4 Mahut
58%
4 Grosjean
57%
6 Santoro
56%
5 Llodra
45%
4 Mathieu
44%
1 Chardy
37%
3 Boetsch
31%
4 Escudé
28%
1 Di Pasquale
21%
5 Tulasne
21%
1 Proisy
11%
1 Raoux
11%
2 Serra
11%
2 Jauffret
10%
2 Golmard
9%
1 Boutter
8%
1 Bedel
5%
1 Haehnel
5%
1 Dupuis
4%
1 Fontang
4%
Aucun quiz correspondant
Distribution des résultats
% des personnes avec chaque résultat
Percentile par nombre de réponses
Votre historique - résultats
Vous n’avez pas pris ce quiz